000 00573nam a2200193 i 4500
001 36166
003 ES-MaACL
007 t|
008 030217s1954 sp ||||1| spa d
100 1 _aBromfield, Louis.
_931885
245 1 0 _aVeinticuatro horas /
_cLouis Bromfield ; [traducción del inglés por Xavier F. de Orgilés].
260 _a[S.l. :
_bs.n.,
_c1954] (
_fImp. Pulcra)
300 _a377 p. ;
_c20 cm.
490 1 _aGoliat
700 1 _aOrgilés, Xavier F. de.
_987246
830 0 _aGoliat
_9181396
852 _aES-MaACL
_jC-6898
_bR.35950
999 _c36166
_d36166